000 nam a22 7a 4500
999 _c10196
_d10196
008 180213b ||||| |||| 00| 0 eng d
100 _aNCERT
_96194
245 _aEconomics-XI
260 _aDew Delhi
_bNCERT
_c2006